Regional report (Record no. 80972)
[ view plain ]
| 000 -LEADER | |
|---|---|
| fixed length control field | 00881cab a22001935a 4500 |
| 001 - CONTROL NUMBER | |
| control field | L145904 |
| 008 - FIXED-LENGTH DATA ELEMENTS--GENERAL INFORMATION | |
| fixed length control field | 081121e20081114xxkad f 000 0 eng d |
| 035 ## - SYSTEM CONTROL NUMBER | |
| System control number | (Sirsi) u145904 |
| 041 0# - LANGUAGE CODE | |
| Language code of text/sound track or separate title | eng |
| 100 1# - MAIN ENTRY--PERSONAL NAME | |
| Personal name | Unger, Paul |
| 245 00 - TITLE STATEMENT | |
| Title | Regional report |
| Remainder of title | North-West |
| 260 ## - PUBLICATION, DISTRIBUTION, ETC. | |
| Date of publication, distribution, etc. | 2008 |
| 490 #0 - SERIES STATEMENT | |
| Series statement | Property Week |
| Volume/sequential designation | 74(46) 14 November 2008, 67-91(8) |
| 520 ## - SUMMARY, ETC. | |
| Summary, etc. | Reports on news and developments from around the region. Reveals that the north-west's new regional spatial strategy is now allowing new homes to be built, just as the housing market is declining. Finds rival developments competing for retail customers and that Cheshire councils mergers have put planning decisions on hold. Reports on the Regenerate!Manchester conference. |
| 590 ## - LOCAL NOTE (RLIN) | |
| Local note | KA |
| 651 #4 - SUBJECT ADDED ENTRY--GEOGRAPHIC NAME | |
| Geographic name | North West (England) |
| Chronological subdivision | 1994- |
| 690 ## - LOCAL SUBJECT ADDED ENTRY--TOPICAL TERM (OCLC, RLIN) | |
| Topical term or geographic name as entry element | PROPERTY-COMMERCIAL PROPERTY-COMMERCIAL PROPERTY MARKET |
| 942 ## - ADDED ENTRY ELEMENTS (KOHA) | |
| Suppress in OPAC | 0 |
| Withdrawn status | Lost status | Source of classification or shelving scheme | Damaged status | Not for loan | Home library | Current library | Shelving location | Date acquired | Total Checkouts | Full call number | Barcode | Date last seen | Copy number | Price effective from | Koha item type |
|---|---|---|---|---|---|---|---|---|---|---|---|---|---|---|---|
| Dewey Decimal Classification | London | London | Journal article | 21/11/2008 | L145904 | 145904-1001 | 06/08/2019 | 1 | 06/08/2019 | Journal article |